Traité de pathologie médicale et de thérapeutique appliquée / publié par E.Sergent, L. Ribadeau-Dumas, L. Babonneix,. (Record no. 188366)

MARC details
000 -LEADER
campo de control de longitud fija 00960nam a2200229 i 4500
001 - NÚMERO DE CONTROL
campo de control 188366
003 - IDENTIFICADOR DE NÚMERO DE CONTROL
campo de control ES-MaACL
005 - FECHA Y HORA DE LA ÚLTIMA TRANSACCIÓN
campo de control 20260214184943.0
008 - DATOS DE LONGITUD FIJA--INFORMACIÓN GENERAL
campo de control de longitud fija 180904s1923 fr |||| | fre d
245 00 - MENCIÓN DEL TÍTULO
Título Traité de pathologie médicale et de thérapeutique appliquée / publié par E.Sergent, L. Ribadeau-Dumas, L. Babonneix,.
Número de parte o sección de la obra XIII,
Nombre de parte o sección de la obra Reins et organes génito-urinaires /
Mención de responsabilidad, etc. par Brault, Cottet, Michon,... [et al.].
260 ## - PUBLICACIÓN, DISTRIBUCIÓN, ETC.
Lugar de publicación, distribución, etc. Paris :
Nombre del editor, distribuidor, etc. A. Maloine et fils,
Fecha de publicación, distribución, etc. 1923.
300 ## - DESCRIPCIÓN FÍSICA
Extensión 891 p. :
Otras características físicas il. ;
Dimensiones 21 cm.
650 04 - PUNTO DE ACCESO ADICIONAL DE MATERIA--TÉRMINO DE MATERIA
Término de materia o nombre geográfico como elemento de entrada Riñones-
Subdivisión general Enfermedades.
9 (RLIN) 16914
650 #4 - PUNTO DE ACCESO ADICIONAL DE MATERIA--TÉRMINO DE MATERIA
Término de materia o nombre geográfico como elemento de entrada Aparato génito urinario-
Subdivisión general Enfermedades.
9 (RLIN) 135583
700 1# - ENTRADA AGREGADA--NOMBRE PERSONAL
Nombre de persona Sergent, Émile,
Fechas asociadas al nombre 1867-1943
9 (RLIN) 151848
700 1# - ENTRADA AGREGADA--NOMBRE PERSONAL
Nombre de persona Ribadeau-Dumas, Louis (
Fechas asociadas al nombre 1876-1951)
9 (RLIN) 151844
700 1# - ENTRADA AGREGADA--NOMBRE PERSONAL
Nombre de persona Babonneix, Léon,
Fechas asociadas al nombre 1876-1942
9 (RLIN) 151847
700 1# - ENTRADA AGREGADA--NOMBRE PERSONAL
Nombre de persona Brault, Albert,
Fechas asociadas al nombre 1852-1939
9 (RLIN) 165398
700 1# - ENTRADA AGREGADA--NOMBRE PERSONAL
Nombre de persona Cottet, Jules,
Fechas asociadas al nombre 1871-1959
9 (RLIN) 165399
852 ## - LOCALIZACIÓN
Ubicación ES-MaACL
Número de control de estantería C-16743
Holdings
Estatus retirado Estado de pérdida Estado de daño No para préstamo Biblioteca de origen Biblioteca actual Ubicación en estantería Fecha de adquisición Fuente de adquisición Total de préstamos Signatura topográfica completa Código de barras Visto por última vez Precio de reemplazo Tipo de ítem Koha
        Biblioteca del Ateneo de Madrid Biblioteca del Ateneo de Madrid Galería 04/09/2018     C-16743 1199265 23/02/2023 23/02/2023 Libro impreso